000 00526nam a2200217Ia 4500
003 OSt
005 20220924132849.0
006 a|||||r|||| 00| 0
007 ta
008 220923b |||||||| |||| 00| 0 ben d
024 _a252619
037 _cTextual
040 _aARTS
_cARTS
_bben
041 _2ben
_aben
082 _aV2L62xM69, 157N4
100 _aGodse
_9205216
245 0 _aGandhihatya keno
260 _c1994
942 _hV2L62xM69, 157N4
_cTEXL
_2CC
999 _c431874
_d431874